| 000 | 01106nam a22001337a 4500 | ||
|---|---|---|---|
| 040 | _cRUA | ||
| 082 | _aFIS KON 2012 B184 Or.1 | ||
| 100 | _aKONG, PHOEURN. | ||
| 245 | _aInfeluence of periphyton feed on poly fish culture tilapia(Oreochromis niloticus) silver barb(Bardnymus goniotus) and india carp ampil tek substratea at the fish farm of the royal university of agriculture, ឥទ្ធិពលនៃperiphyton ទៅលើការលូតលាស់របស់ត្រីចិញ្ចឹមចំរុះបីប្រភេទ(ត្រីឡីឡាព្យា ឆ្ពឹន និងកាបឥណ្ណា) ក្នុងស្រះដោយដាក់សម្រាស់ឬស្សី និងមែកអម្ពិលទឹក នៅកសិដ្ឋានវារីវប្បកម្ម នៃសាកលវិទ្យាល័យភូមិន្ទកសិកម្ម | ||
| 260 |
_aPhnom Penh _bRUA _c2012 |
||
| 300 |
_axi; 50p. _bill. _c29cm. |
||
| 856 | _uhttps://drive.google.com/file/d/196DA2qGkoYUEOjxZRiDP9g0FXhv9CQGA/view?usp=sharing | ||
| 942 | _cFIS | ||
| 999 |
_c3999 _d3999 |
||